Teplotechničeskije rasčety agregatov dlja okuskovanija železorudnych materialov /

Saved in:
Bibliographic Details
Main Author: Bazilevič, Sergej Vladimirovič (Author)
Format: Book
Language:Czech
Published: Moskva : Metallurgija, 1979
Series:rz1
Online Access: Get full text
Tags: Add Tag
No Tags, Be the first to tag this record!

MARC

LEADER 00000cam a2200000 4500
003 SK-BrCVT
005 20220618093137.0
008 091124s1979 cs e ||||||cze d
035 |a CVTIDWR046691 
040 |a    |b slo  |c    |d   
041 0 |a cze 
044 |a cs 
100 |a Bazilevič, Sergej Vladimirovič  |4 aut 
245 1 0 |a Teplotechničeskije rasčety agregatov dlja okuskovanija železorudnych materialov /  |c Avtory: Sergej Vladimirovič Bazilevič ... [et al.] 
260 3 |a Moskva :  |b Metallurgija,  |c 1979 
300 |a 206 s. 
830 |a rz1 
974 |f Knihy 
999 |c 221958  |d 221958